<The> Main Aspects of Cluster Policy at Regional Level in the Slovak Republic in the Context of SMEs

Identifikáca hlavných atribútov klastrovej politiky na regionálnej úrovni, ktoré sú potrebné pre technologické MSP, ktoré uvažujú o zapojení sa do klastrovej spolupráce.

Saved in:
Bibliographic Details
Main Author: Havierniková, Katarína
Other Authors: Masárová, Jana
Format: Book Chapter
Language:English
Subjects:
Tags: Add Tag
No Tags, Be the first to tag this record!

MARC

LEADER 00000naa a2200000 4500
001 0272081
005 20210210103336.7
041 0 |a eng 
044 |a CZ 
245 1 0 |a <The> Main Aspects of Cluster Policy at Regional Level in the Slovak Republic in the Context of SMEs  |c Katarína Havierniková, Jana Masárová 
520 |a Identifikáca hlavných atribútov klastrovej politiky na regionálnej úrovni, ktoré sú potrebné pre technologické MSP, ktoré uvažujú o zapojení sa do klastrovej spolupráce. 
610 2 0 |a podnik malý 
610 2 0 |a podnik stredný 
610 2 0 |a klaster 
610 2 0 |a regióny 
610 2 0 |a politika hospodárska 
100 1 |a Havierniková, Katarína 
700 1 |a Masárová, Jana